Accelerate Action For Women's Equality (Record no. 212835)

MARC details
000 -LEADER
fixed length control field 00610nam a22001817a 4500
005 - DATE AND TIME OF LATEST TRANSACTION
control field 20250804114115.0
010 ## - LCCN (DPL NO)
LC control number ENG-146290
020 ## - INTERNATIONAL STANDARD BOOK NUMBER
Terms of availability 400.00
International Standard Book Number 9789361636844
035 ## - SYSTEM CONTROL NUMBER
System control number EN-129822
037 ## - SOURCE OF ACQUISITION
Source of stock number/acquisition DBAD
082 ## - DEWEY DECIMAL CLASSIFICATION NUMBER
Classification number 305.4
245 ## - TITLE STATEMENT
Title Accelerate Action For Women's Equality
Statement of responsibility, etc Edited by Asha Sundaram , Petikam Sailaja
260 ## - PUBLICATION, DISTRIBUTION, ETC. (IMPRINT)
Place of publication, distribution, etc Tamil Nadu, India
Name of publisher, distributor, etc Shanlax Publications
Date of publication, distribution, etc 2025
270 ## - ADDRESS
City Tamil Nadu
Address 61, 66 T.P.K. Main Road, Vasantha Nagar, Madurai
Postal code 625003
300 ## - PHYSICAL DESCRIPTION
Extent 210p.
Dimensions 25cm(pbk)
700 ## - ADDED ENTRY--PERSONAL NAME
Personal name Sundaram Asha , Petikam Sailaja
9 (RLIN) 83653
942 ## - ADDED ENTRY ELEMENTS (KOHA)
Source of classification or shelving scheme Dewey Decimal Classification
Item type English Books
Classification part 305.4
Call number suffix SUM
Holdings
Withdrawn status Lost status Not for loan Collection code Home library Current library Date acquired Source of acquisition Cost, normal purchase price Full call number Barcode Copy number Cost, replacement price Koha item type
      Non-fiction Mobile Library Mobile Library 04/08/2025 DBAD 400.00 305.4 SUM EN -129822 1 400.00 English Books

© Delhi Public Library
Hit Counter
free hit counter